History Quiz

Random History or Clickable Quiz

A History of War Quiz Stats

Quiz Updated Oct 10, 2014

Challenge
Share
Tweet
Embed
Score 0/40 Timer 08:00
18 Plays Today
% Correct
Iraq War (2nd)
93.1%
NATO War in Afghanistan
88.1%
First World War
85.3%
Second World War
82.4%
Syrian Civil War
82.4%
American Civil War
82%
Korean War
80.7%
Gulf War
80.5%
Vietnam War
80.2%
Mexican Drug War
78.4%
Libyan Civil War
78.1%
Soviet war in Afghanistan
77%
American Revolutionary War
76.1%
Gaza War
74.9%
War in Darfur
73.6%
Napoleonic Wars
68.3%
Crimean War
67.1%
Spanish-American War
66.8%
Russian Civil War
65.7%
Franco-Prussian War
65.4%
% Correct
Russia–Georgia War
60.9%
Anglo-Zulu War
59.8%
Yom Kippur War
57%
Opium Wars
55%
Russo-Japanese War
54.3%
Thirty Years' War
43.3%
Inca Civil War
42.6%
French Wars of Religion
42.2%
Seven Years' War
41.1%
Black Hawk War
39.6%
War of the Austrian Succession
38.7%
King Philip's War
37.4%
War of the Spanish Succession
35.8%
War of the League of Cognac
30.2%
War of the League of Cambrai
28.7%
Beaver Wars
28.1%
Great Turkish War
25.4%
Nine Years' War
24.6%
Great Northern War
20.4%
Boshin War
17%

You're not logged in!

Compare scores with friends on all Sporcle quizzes.
Join for Free
OR
Log In

You Might Also Like...

Show Comments

Extras

Top Quizzes Today


Score Distribution

Your Account Isn't Verified!

In order to create a playlist on Sporcle, you need to verify the email address you used during registration. Go to your Sporcle Settings to finish the process.

Report this User

Report this user for behavior that violates our Community Guidelines.

Details: